000 00759nam a2200241 i 4500
001 bg
100 1 _aKUROŃ, Jacek
245 1 5 _aPRL [Polska Rzeczpospolita Ludowa] dla początkujących /
_cJacek Kuroń, Jacek Żakowski.
260 _aWrocław :
_bWydaw. Dolnośląskie,
_c1997.
300 _a348, [2] s. :
_bil. (w tym kolor.), faks., fot., 2 mapy, portr. ;
_c20 cm.
490 1 _aA to Polska Właśnie
504 _aBibliogr. s. 326. - Indeks.
651 9 _aPolska
_xhistoria
_y1944-1989 r.
700 1 _aŻAKOWSKI, Jacek
830 _aA to Polska Właśnie
020 _a8370234615
040 _cBPK
041 0 _apl
080 _a94(438).083(02.025.2)
920 _a83-7023-461-5
942 _cKS
008 s pl f |000 0 pol
999 _c36389
_d36389
856 _uhttp://koha.tu.koszalin.pl/cgi-bin/koha/opac-detail.pl?biblionumber=36389
_yKatalog online BPK